| 000 | 00776cam a2200205 a 4500 | ||
|---|---|---|---|
| 001 | e 08000590 | ||
| 003 | DLC | ||
| 005 | 20260227111149.0 | ||
| 008 | 990524s1902 fr 000 0 fre c | ||
| 010 | _ae 08000590 | ||
| 040 |
_aLibrary, U.S. Bur. of Education _cDLC _dDRB _dDLC |
||
| 050 | 0 | 0 |
_aLB775.F69 _bF68 1902 |
| 100 | 1 |
_aFouillée, Alfred, _d1838-1912. |
|
| 245 | 1 | 3 | _aLa conception morale et civique de l'enseignement. |
| 260 |
_aParis, _bLa Revue Bleue _c[1902?] |
||
| 300 |
_aviii, 156 p., 2 . ; _c21 cm. |
||
| 500 | _a"Les pages qu'on va lire ont paru, mais seulement en partie, dans la Revue bleue, dans la Revue scientifique, dans la Revue politique et parlementaire, dans les Débats et dans le Temps." | ||
| 650 | 0 | _aEducation. | |
| 650 | 0 | _aMoral education. | |
| 999 |
_c18705 _d18705 |
||